| 000 | 00684nam a22001337a 4500 | ||
|---|---|---|---|
| 040 |
_ao _c0 |
||
| 082 | _a808.3,WIL | ||
| 100 |
_aWilson, R. Andrew _9113370 |
||
| 245 |
_aWrite Like Hemingway: Writing Lessons You Can Learn from the Master / _cR. Andrew Wilson |
||
| 260 |
_aUSA, _bAdams Media, _c2009. |
||
| 300 | _a256p. | ||
| 505 | _aPapa Hemingway, writer of the world (Page-7), The education of Ernest Hemingway (Page-11), A lean well-honed style (Page-41), An immovable life (Page-79), Dialogue (Page-121), The green hills of Hemingway (Page-151), For whom the story's told (Page-183), Conclusion (Page-229), Note (Page-231), Index (Page-243). | ||
| 942 |
_2ddc _cBK _k808.3,WIL |
||
| 999 |
_c595122 _d595122 |
||